| 000 | 00723nam a2200217Ia 4500 | ||
|---|---|---|---|
| 003 | GCL | ||
| 008 | 140319s9999 xx 000 0 ara d | ||
| 040 |
_aGCL / _cGCL |
||
| 082 | 0 | 4 |
_a193 _bم ك |
| 100 | 1 | _aمحمد محمد قاسم | |
| 245 | 1 | 0 |
_aكارل بوبر: نظرية المعرفة فى ضوء المنهج العلمى / _cمحمد محمد قاسم |
| 260 |
_aالقاهرة : _bدار المعرفة الجامعية ، _c1995 |
||
| 300 |
_a418 ص ؛ _c24سم |
||
| 650 | 0 | 4 | _aالمعرفة |
| 650 | 0 | 4 | _aالمنهجية |
| 650 | 0 | 4 | _aنظرية المعرفة |
| 650 | 0 | 4 | _aكارل بوبر |
| 650 | 0 | 4 | _aالمعرفة - نظريات |
| 650 | 0 | 4 | _aالمنهج العلمى |
| 942 |
_2ddc _cBK |
||
| 999 |
_c43344 _d43344 |
||